00684nam a2200241 a 4500001001300000003000900013005001700022008004100039020000900080082001600089100002300105245002000128260004800148300000900196500003500205505001000240650002500250700002300275902000800298942000700306952011400313999001500427nice12345678IN_TiNIC20260116011921.0050524s1978 dela grp 000 0 urd  ac1200a297.5bISL1 aIslahi, Mohd Yusuf aAdaab-E-Zindagi aDelhibMarkazi Maktaba Jamat-E-Islamic1978 a375p aincludes index and biblioraphy2 aNotes aIslam-Moral Theology1 aIslahi, Mohd Yusuf bSRS cBK 001040708StackRoom-aHMIbHMId2007-07-03g12.00l0o297.5 ISL1p09162r2007-07-03v12.00w2005-05-24yBK c4904d4904